00627naa a2200205 a 450000100080000000500110000800800410001910000130006024501300007326000090020365000160021265000150022865000210024365300250026465300250028970000170031470000150033170000170034677300580036321228022020-05-29 2009 bl uuuu u00u1 u #d1 aARES, G. aAlternatives to reduce the bitterness, astringency and characteristic flavour of antioxidant extracts.h[electronic resource] c2009 aAstringency aBitterness aFunctional foods aAntioxidant extracts aFlavour modification1 aBARREIRO, C.1 aDELIZA, R.1 aGÁMBARO, A. tFood Research Internationalgv. 42, p. 871-878, 2009.